| 000 | 00611cam a22002295a 4500 | ||
|---|---|---|---|
| 001 | L159642 | ||
| 008 | 150226s2017 xxk f 000 0 eng d | ||
| 035 | _a(Sirsi) u159642 | ||
| 041 | 0 | _aeng | |
| 100 | 1 | _aLavanchy, Rene | |
| 245 | 0 | 0 | _aFlying starts |
| 260 | _c2017 | ||
| 490 |
_aModus _vSeptember 2017, 14-21 (8) |
||
| 520 | _aLooks at how to plan, develop and finance different airport infrastructure projects. | ||
| 590 | _aKA | ||
| 650 | 2 | 4 | _aAIRPORT DEVELOPMENT |
| 650 | 2 | 4 | _aAIRPORTS |
| 650 | 2 | 4 | _aAIRPORT EXPANSION |
| 651 | 4 | _aInternational | |
| 690 |
_aInfrastructure _96246 |
||
| 942 | _n0 | ||
| 999 |
_c84887 _d84887 |
||